• 首页
  • 本馆介绍
  • 公告通知
  • 最新文献
  • 馆藏检索
  • 电子资源
  • 读者导购
  • 参考咨询
  • 我的图书馆
  • 登录
  • 详细信息显示
  • 放入我的书架
  • 预约/预借图书
  • 作者相关作品
  • 分类相关作品
  • 丛书相关作品
  • 出版社相关作品

书目信息

  • 表格格式
  • 工作单格式
  • 卡片格式
题名:
教育评价学
    
 
作者: 余彬 , 蒋兴旺 , 姜红 主编
分册:  
出版信息: 成都   成都时代出版社  2019
页数: 200页
开本: 26cm
丛书名:
单 册:
中图分类: G40-058.1
科图分类:
主题词: 教育评估
电子资源:
ISBN: 978-7-5464-2386-9
000 00846nam0 2200253 450
001 012001002551
005 20131029140404.0
010    @a978-7-5464-2386-9@dCNY39.80
100    @a20190809d2019 em y0chiy50 ea
101 0  @achi
102    @aCN@b510000
105    @ay z 000yy
106    @ar
200 1  @a教育评价学@9jiao yu ping jia xue@f余彬,蒋兴旺,姜红主编
210    @a成都@c成都时代出版社@d2019
215    @a200页@d26cm
330    @a本书主要内容为介绍教育评价的由来与发展、教育评价的概念与特性、教育评价的种类与功能、教育评价的基本理论与原则、教育评价的程序与指标编制、教育评价的方法等。
606 0  @a教育评估
690    @aG40-058.1@v5
701  0 @a余彬@9yu bin@4主编
701  0 @a蒋兴旺@9jiang xing wang@4主编
701  0 @a姜红@9jiang hong@4主编
801  0 @aCN@b江苏凤凰@c20191020
905    @b1229480-3@dG40-058.1@e1031@f4
    
    教育评价学/余彬,蒋兴旺,姜红主编.-成都:成都时代出版社,2019
    200页;26cm
    
    
    ISBN 978-7-5464-2386-9:CNY39.80
    本书主要内容为介绍教育评价的由来与发展、教育评价的概念与特性、教育评价的种类与功能、教育评价的基本理论与原则、教育评价的程序与指标编制、教育评价的方法等。
●
相关链接 在E读中查询图书 在五车中查询图书 在当当中查询图书 在豆瓣中查询图书


正题名:教育评价学     索取号:G40-058.1/1031         预约/预借

序号 登录号 条形码 馆藏地/架位号 状态 备注
1 1229480   212294809   第一样本阅览室/ [索取号:G40-058.1/1031] 在馆    
2 1229481   212294818   教育系资料室/ [索取号:G40-058.1/1031] 在馆    
3 1229482   212294827   教育系资料室/ [索取号:G40-058.1/1031] 在馆    
4 1229483   212294836   第四借阅区/ [索取号:G40-058.1/1031] 在馆    
唐山师范学院图书馆 欢迎您!
大连网信软件有限公司© 版权所有